00470nam a22001577a 450000500170000001000150001702000260003203500130005803700130007108200060008410000240009024500850011426000400019927000520023930000210029120150731121040.0 aENG-113254 c395.00a9788189766436 aEN-96786 bDBAD/PUB aN aDhar, Maloy Krishna aWe the people of India :cby Maloy Krishna Dharba story of gangland democracy / aNew DelhibVitasta Publishingc2008 a2/15, Ansari Road, DaryaganjbNew Delhie110002 a443p.c22cm(pbk)